[Event "6I Torneo Ciudad de Pontevedra 2018"]
[Site "Pontevedra ESP"]
[Date "2018.08.12"]
[Round "7.25"]
[White "Van der Veen, Ronald"]
[Black "Puga Sanchez, Miguel"]
[Result "1-0"]
[WhiteElo "1984"]
[BlackElo "2109"]
[PlyCount "81"]
[EventDate "2018.08.08"]
[EventType "swiss"]
[EventRounds "9"]
[EventCountry "ESP"]
[SourceTitle "Ajedrez en Madrid"]
[Source "lmi"]
[SourceDate "2018.08.08"]

1. d4 Nf6 2. c4 g6 3. Nc3 Bg7 4. e4 d6 5. h3 O-O 6. Nf3 e5 7. Be3 Re8 8. d5 a5
9. Bd3 Na6 10. O-O Nh5 11. Qd2 Nc5 12. Bc2 f5 13. Rad1 Bd7 14. Kh2 f4 15. Bxc5
dxc5 16. Nb5 Bf8 17. d6 c6 18. Nc7 Bh6 19. Qc3 Bg7 20. a3 h6 21. b4 b6 22. bxc5
bxc5 23. Rb1 Ra7 24. Nxe8 Qxe8 25. Qb2 Ra8 26. Qb6 Bf6 27. Qxc5 Ng7 28. Rb7 Ra6
29. a4 g5 30. Rfb1 Ne6 31. Qa3 Ra8 32. c5 h5 33. Bb3 g4 34. Nd2 Kh7 35. Bxe6
Qxe6 36. Qb3 Qe8 37. Rb8 Rxb8 38. Qxb8 Qe6 39. Rb7 f3 40. Rxd7+ Qxd7 41. Qc7
1-0

[Event "6I Torneo Ciudad de Pontevedra 2018"]
[Site "Pontevedra ESP"]
[Date "2018.08.12"]
[Round "7.26"]
[White "Lemstra, Bart"]
[Black "Gonzalez Perez, Jose Ramon"]
[Result "1-0"]
[WhiteElo "1929"]
[BlackElo "2074"]
[PlyCount "125"]
[EventDate "2018.08.08"]
[EventType "swiss"]
[EventRounds "9"]
[EventCountry "ESP"]
[SourceTitle "Ajedrez en Madrid"]
[Source "lmi"]
[SourceDate "2018.08.08"]

1. d4 Nf6 2. c4 e6 3. Nc3 c5 4. d5 exd5 5. cxd5 d6 6. e4 g6 7. h3 Bg7 8. Bd3
O-O 9. Nf3 b5 10. Nxb5 Re8 11. O-O Nxe4 12. Re1 a6 13. Ng5 Nf6 14. Rxe8+ Nxe8
15. Nc3 Nd7 16. Bf4 Ne5 17. Be2 Rb8 18. Qd2 Qb6 19. Rb1 Bf5 20. Nge4 Nf6 21. f3
h5 22. Bh6 Bxe4 23. fxe4 Qb4 24. a3 Bxh6 25. Qxh6 Qd4+ 26. Kh2 Ned7 27. Qf4 Rb6
28. Rd1 Qe5 29. Qxe5 Nxe5 30. Rd2 a5 31. Kg3 Rb3 32. Kf4 Kg7 33. Nb5 g5+ 34.
Kf5 Ng6 35. Nxd6 Nh4+ 36. Kxg5 Rb6 37. e5 Rxd6 38. exd6 Nxg2 39. Bf3 Ne3 40.
Re2 Nc4 41. d7 Nxd7 42. Bxh5 f6+ 43. Kf4 Nce5 44. Rxe5 fxe5+ 45. Kf5 e4 46. d6
e3 47. Kf4 Kf6 48. Kxe3 Nb6 49. Kd3 Ke6 50. d7 Kxd7 51. Bg4+ Ke7 52. h4 Kf6 53.
Bd1 Ke5 54. h5 Kf6 55. Be2 Kf5 56. b3 Kg5 57. Ke4 a4 58. bxa4 Nxa4 59. Kd5 Nc3+
60. Kxc5 Nxe2 61. a4 Nc3 62. a5 Ne4+ 63. Kc6 1-0

[Event "6I Torneo Ciudad de Pontevedra 2018"]
[Site "Pontevedra ESP"]
[Date "2018.08.12"]
[Round "7.27"]
[White "Bottazzi, Ulysse"]
[Black "Otero Nogueira, Brais"]
[Result "0-1"]
[WhiteElo "1847"]
[BlackElo "2068"]
[PlyCount "94"]
[EventDate "2018.08.08"]
[EventType "swiss"]
[EventRounds "9"]
[EventCountry "ESP"]
[SourceTitle "Ajedrez en Madrid"]
[Source "lmi"]
[SourceDate "2018.08.08"]

1. e4 g6 2. d4 Bg7 3. Nc3 d6 4. Be3 c6 5. h4 h5 6. Nh3 Nf6 7. f3 Qa5 8. Qd2
Bxh3 9. Rxh3 Nbd7 10. O-O-O O-O-O 11. Kb1 Kb8 12. Rh1 Rc8 13. g3 Ka8 14. Bh3 e6
15. Rhe1 Nb6 16. Qd3 d5 17. e5 Nfd7 18. f4 Bf8 19. Bf1 Nc4 20. Bc1 c5 21. Ne2
Rc6 22. Qc3 Qb6 23. Qb3 Qc7 24. Ka1 Be7 25. c3 Rb8 26. dxc5 Nxc5 27. Qc2 b5 28.
Nd4 Ra6 29. b3 Na3 30. Bxa3 Rxa3 31. Nxb5 Rxb5 32. Bxb5 Nxb3+ 33. Kb1 Na5 34.
Qb2 Rxc3 35. Rc1 d4 36. Bd3 a6 37. Be4+ Ka7 38. Rxc3 dxc3 39. Qc2 Ba3 40. Rd1
Qb6+ 41. Ka1 Bb2+ 42. Kb1 Nc4 43. Rd7+ Kb8 44. Rd8+ Qxd8 45. Qb3+ Nb6 46. a4 a5
47. Ka2 Qd4 0-1

[Event "6I Torneo Ciudad de Pontevedra 2018"]
[Site "Pontevedra ESP"]
[Date "2018.08.12"]
[Round "7.28"]
[White "Santos, Ricardo Alexandre L"]
[Black "Avelino, Camila Biscaya"]
[Result "1-0"]
[WhiteElo "2010"]
[BlackElo "1642"]
[PlyCount "71"]
[EventDate "2018.08.08"]
[EventType "swiss"]
[EventRounds "9"]
[EventCountry "ESP"]
[SourceTitle "Ajedrez en Madrid"]
[Source "lmi"]
[SourceDate "2018.08.08"]

1. e4 e5 2. Nf3 Nc6 3. Bb5 a6 4. Ba4 Nf6 5. O-O Be7 6. Re1 b5 7. Bb3 O-O 8. d3
d6 9. c3 Na5 10. Bc2 c5 11. h3 Re8 12. Nbd2 Bf8 13. Nf1 g6 14. Ng3 Bg7 15. Be3
h6 16. Qd2 Kh7 17. a4 Be6 18. b4 cxb4 19. cxb4 Nb3 20. Bxb3 Bxb3 21. axb5 axb5
22. Qb2 Be6 23. d4 Ng8 24. d5 Bd7 25. Rxa8 Qxa8 26. Ra1 Qb7 27. Ra7 Qc8 28. Qa3
Rd8 29. Bb6 Re8 30. Bc7 Bf8 31. Qe3 Kg7 32. Kh2 Nf6 33. Qb6 Be7 34. Bxd6 Bxd6
35. Qxd6 Qc3 36. Ra6 1-0

[Event "6I Torneo Ciudad de Pontevedra 2018"]
[Site "Pontevedra ESP"]
[Date "2018.08.12"]
[Round "7.29"]
[White "Casares Cabanas, Carlos"]
[Black "Vazquez Alvarez, Antonio Jose"]
[Result "1/2-1/2"]
[WhiteElo "2113"]
[BlackElo "1985"]
[PlyCount "85"]
[EventDate "2018.08.08"]
[EventType "swiss"]
[EventRounds "9"]
[EventCountry "ESP"]
[SourceTitle "Ajedrez en Madrid"]
[Source "lmi"]
[SourceDate "2018.08.08"]

1. e4 c6 2. d4 d5 3. Nc3 dxe4 4. Nxe4 Bf5 5. Ng3 Bg6 6. h4 h6 7. Nf3 Nd7 8. h5
Bh7 9. Bd3 Bxd3 10. Qxd3 Ngf6 11. Bd2 e6 12. O-O-O Be7 13. Ne4 Nxe4 14. Qxe4
Nf6 15. Qe2 Qd5 16. c4 Qe4 17. Qxe4 Nxe4 18. Be1 O-O 19. Ne5 Bg5+ 20. Kc2 Rfd8
21. b3 a5 22. a4 Bf6 23. f3 Bxe5 24. dxe5 Rxd1 25. Kxd1 Nc5 26. Kc2 b6 27. Bf2
Rd8 28. Rd1 Rxd1 29. Kxd1 Kf8 30. Kc2 Ke8 31. Be3 Kd7 32. Bd2 Na6 33. g4 c5 34.
Kd3 Nb4+ 35. Ke4 Ke7 36. f4 Nc6 37. Be3 g6 38. Bf2 gxh5 39. Bh4+ Ke8 40. gxh5
Nd4 41. Bf6 Nf5 42. Kf3 Kd7 43. Kg4 1/2-1/2

[Event "6I Torneo Ciudad de Pontevedra 2018"]
[Site "Pontevedra ESP"]
[Date "2018.08.12"]
[Round "7.30"]
[White "Uranga Odriozola, Inaki"]
[Black "Adams, Philip"]
[Result "0-1"]
[WhiteElo "1531"]
[BlackElo "1982"]
[PlyCount "84"]
[EventDate "2018.08.08"]
[EventType "swiss"]
[EventRounds "9"]
[EventCountry "ESP"]
[SourceTitle "Ajedrez en Madrid"]
[Source "lmi"]
[SourceDate "2018.08.08"]

1. e4 c5 2. Nf3 g6 3. d4 cxd4 4. Nxd4 Bg7 5. Be3 Nc6 6. Be2 Nf6 7. Nc3 O-O 8.
Qd2 d5 9. exd5 Nxd5 10. Nxc6 bxc6 11. Bh6 Bxh6 12. Qxh6 Nxc3 13. bxc3 Qa5 14.
Qe3 Bf5 15. O-O e5 16. Bf3 Bxc2 17. Rfe1 e4 18. Bxe4 Rae8 19. Qd4 c5 20. Qc4
Bxe4 21. Rxe4 Rxe4 22. Qxe4 Qxc3 23. Qe1 Qxe1+ 24. Rxe1 Rb8 25. g3 Rb2 26. Re8+
Kg7 27. Rc8 Rxa2 28. Rxc5 a5 29. Rc7 g5 30. h4 gxh4 31. gxh4 Kg6 32. Rc5 f5 33.
Kg2 Ra3 34. f3 a4 35. Kg3 Rb3 36. Ra5 Rb4 37. h5+ Kg5 38. Ra7 h6 39. f4+ Kxh5
40. Kf3 Rb3+ 41. Kf2 a3 42. Ke2 Kg4 0-1

[Event "6I Torneo Ciudad de Pontevedra 2018"]
[Site "Pontevedra ESP"]
[Date "2018.08.13"]
[Round "8.1"]
[White "Demchenko, Anton"]
[Black "Oratovsky, Michael"]
[Result "1-0"]
[WhiteElo "2670"]
[BlackElo "2489"]
[PlyCount "61"]
[EventDate "2018.08.08"]
[EventType "swiss"]
[EventRounds "9"]
[EventCountry "ESP"]
[SourceTitle "Ajedrez en Madrid"]
[Source "lmi"]
[SourceDate "2018.08.08"]

1. e4 c5 2. Nf3 e6 3. d4 cxd4 4. Nxd4 a6 5. Bd3 g6 6. Nc3 Bg7 7. Be3 d6 8. Qd2
Nd7 9. O-O-O h5 10. f4 Ne7 11. Be2 Nf6 12. Nf3 d5 13. Ng5 Bd7 14. Bd4 Bc6 15.
exd5 Nexd5 16. Nxd5 Bxd5 17. Qb4 Qe7 18. Bc5 Qc7 19. Bd6 Qc6 20. Nf3 O-O-O 21.
Be5 Be4 22. c3 Rd5 23. Rd4 Rxd4 24. Nxd4 Qd5 25. c4 Qd7 26. Qc5+ Kd8 27. Rd1
Ke8 28. Nb3 Qc6 29. Qd4 Ke7 30. Na5 Qc8 31. Bxf6+ 1-0

[Event "6I Torneo Ciudad de Pontevedra 2018"]
[Site "Pontevedra ESP"]
[Date "2018.08.13"]
[Round "8.2"]
[White "Venkatesh, M.R."]
[Black "Ruck, Robert"]
[Result "1-0"]
[WhiteElo "2499"]
[BlackElo "2502"]
[PlyCount "79"]
[EventDate "2018.08.08"]
[EventType "swiss"]
[EventRounds "9"]
[EventCountry "ESP"]
[SourceTitle "Ajedrez en Madrid"]
[Source "lmi"]
[SourceDate "2018.08.08"]

1. e4 c6 2. d4 d5 3. exd5 cxd5 4. Nf3 Nf6 5. Ne5 g6 6. Bb5+ Nbd7 7. O-O Bg7 8.
Nf3 Ne4 9. c3 O-O 10. Qb3 Nb6 11. a4 Nd6 12. Bd3 Bg4 13. Ne5 Be6 14. Re1 Nbc4
15. Nd2 Rc8 16. Ndf3 Na5 17. Qa2 Bf5 18. Bxf5 Nxf5 19. g4 Nh6 20. h3 Kh8 21.
Qa3 Ng8 22. Ng5 Bxe5 23. dxe5 e6 24. Nf3 f5 25. Bg5 Qe8 26. Nd4 fxg4 27. hxg4
Qf7 28. f3 Nc6 29. Rf1 Nxd4 30. cxd4 h6 31. Be3 g5 32. Rf2 Ne7 33. f4 gxf4 34.
Bxf4 Qg7 35. Qh3 Kh7 36. Raf1 Rg8 37. Kh1 Qg6 38. Bxh6 Qe4+ 39. Kh2 Rg6 40.
Bg7+ 1-0

[Event "6I Torneo Ciudad de Pontevedra 2018"]
[Site "Pontevedra ESP"]
[Date "2018.08.13"]
[Round "8.3"]
[White "Martinez Duany, Lelys Stanley"]
[Black "Cori Quispe, Kevin Joel"]
[Result "1/2-1/2"]
[WhiteElo "2544"]
[BlackElo "2480"]
[PlyCount "40"]
[EventDate "2018.08.08"]
[EventType "swiss"]
[EventRounds "9"]
[EventCountry "ESP"]
[SourceTitle "Ajedrez en Madrid"]
[Source "lmi"]
[SourceDate "2018.08.08"]

1. Nf3 Nf6 2. c4 e6 3. d4 Bb4+ 4. Nbd2 O-O 5. a3 Be7 6. e3 b6 7. Bd3 Bb7 8. Qc2
d6 9. b3 Nbd7 10. Bb2 c5 11. O-O Qc7 12. Rad1 Rfe8 13. Rfe1 a6 14. Ne4 Nxe4 15.
Bxe4 Bxe4 16. Qxe4 Bf6 17. Qb1 b5 18. dxc5 dxc5 19. Bxf6 Nxf6 20. Qc2 Rab8
1/2-1/2

[Event "6I Torneo Ciudad de Pontevedra 2018"]
[Site "Pontevedra ESP"]
[Date "2018.08.13"]
[Round "8.4"]
[White "Manolache, Marius"]
[Black "Pena Gomez, Manuel"]
[Result "1/2-1/2"]
[WhiteElo "2481"]
[BlackElo "2483"]
[PlyCount "36"]
[EventDate "2018.08.08"]
[EventType "swiss"]
[EventRounds "9"]
[EventCountry "ESP"]
[SourceTitle "Ajedrez en Madrid"]
[Source "lmi"]
[SourceDate "2018.08.08"]

1. d4 e6 2. Nf3 c5 3. e3 Nf6 4. c4 Be7 5. d5 exd5 6. cxd5 d6 7. Nc3 O-O 8. Be2
Na6 9. O-O Nc7 10. a4 a6 11. e4 Re8 12. Nd2 Bf8 13. f3 Bd7 14. a5 Bb5 15. Nc4
Bxc4 16. Bxc4 Nd7 17. Re1 Qf6 18. Bf1 Rab8 1/2-1/2

[Event "6I Torneo Ciudad de Pontevedra 2018"]
[Site "Pontevedra ESP"]
[Date "2018.08.13"]
[Round "8.5"]
[White "Petkov, Vladimir"]
[Black "Rodriguez Lopez, Rafael"]
[Result "1-0"]
[WhiteElo "2494"]
[BlackElo "2312"]
[PlyCount "61"]
[EventDate "2018.08.08"]
[EventType "swiss"]
[EventRounds "9"]
[EventCountry "ESP"]
[SourceTitle "Ajedrez en Madrid"]
[Source "lmi"]
[SourceDate "2018.08.08"]

1. d4 Nf6 2. c4 g6 3. g3 Bg7 4. Bg2 d5 5. Nc3 dxc4 6. Qa4+ Nfd7 7. e3 O-O 8.
Qxc4 e5 9. d5 Nb6 10. Qb3 c6 11. e4 cxd5 12. exd5 N8d7 13. Be3 f5 14. Nge2 Kh8
15. O-O g5 16. f3 f4 17. Bf2 Nf6 18. Rad1 Bf5 19. Kh1 Rc8 20. Rfe1 Nc4 21. Nc1
Re8 22. Nd3 Qa5 23. Qxb7 Nxb2 24. Qxb2 Rxc3 25. Nxe5 Rc2 26. Qd4 Kg8 27. gxf4
gxf4 28. Qxa7 Qxa7 29. Bxa7 Rxa2 30. Bg1 Ra5 31. Nc6 1-0

[Event "6I Torneo Ciudad de Pontevedra 2018"]
[Site "Pontevedra ESP"]
[Date "2018.08.13"]
[Round "8.6"]
[White "Suarez Gomez, Julio"]
[Black "Samoun, Florent"]
[Result "1-0"]
[WhiteElo "2469"]
[BlackElo "2334"]
[PlyCount "89"]
[EventDate "2018.08.08"]
[EventType "swiss"]
[EventRounds "9"]
[EventCountry "ESP"]
[SourceTitle "Ajedrez en Madrid"]
[Source "lmi"]
[SourceDate "2018.08.08"]

1. e4 Nf6 2. e5 Nd5 3. d4 d6 4. Nf3 g6 5. Bc4 Nb6 6. Bb3 Bg7 7. Qe2 O-O 8. h3
Nc6 9. O-O dxe5 10. dxe5 Nd4 11. Nxd4 Qxd4 12. Re1 Nd7 13. e6 fxe6 14. Bxe6+
Kh8 15. Nd2 Ne5 16. Bxc8 Raxc8 17. Ne4 c5 18. Rb1 c4 19. Bd2 Qb6 20. Bc3 Nf7
21. Bxg7+ Kxg7 22. Nd2 Qb4 23. c3 Qa4 24. Qxe7 Qxa2 25. Qxb7 Rb8 26. Qe4 Rfc8
27. Qd4+ Kf8 28. Ne4 Rd8 29. Qc5+ Kg7 30. Ra1 Qxb2 31. Rxa7 Rb7 32. Rxb7 Qxb7
33. Ng5 Qd5 34. Ne6+ Kf6 35. Qe3 Rd6 36. Nf8 Qd2 37. Qe7+ Kg7 38. Re3 Rf6 39.
Ne6+ Rxe6 40. Qxe6 Ng5 41. Qe7+ Nf7 42. Rf3 Qd1+ 43. Kh2 Qd6+ 44. Qxd6 Nxd6 45.
Rf4 1-0

[Event "6I Torneo Ciudad de Pontevedra 2018"]
[Site "Pontevedra ESP"]
[Date "2018.08.13"]
[Round "8.7"]
[White "Pazos Porta, Antonio"]
[Black "Silva, Luis Neves Da"]
[Result "1/2-1/2"]
[WhiteElo "2335"]
[BlackElo "2374"]
[PlyCount "138"]
[EventDate "2018.08.08"]
[EventType "swiss"]
[EventRounds "9"]
[EventCountry "ESP"]
[SourceTitle "Ajedrez en Madrid"]
[Source "lmi"]
[SourceDate "2018.08.08"]

1. e4 e5 2. Nf3 Nc6 3. Bb5 a6 4. Ba4 Nf6 5. O-O Be7 6. Re1 b5 7. Bb3 d6 8. c3
O-O 9. h3 Re8 10. d4 Bb7 11. Nbd2 Nd7 12. d5 Na5 13. Bc2 Nb6 14. a4 c6 15. dxc6
Bxc6 16. axb5 axb5 17. Bd3 Nac4 18. Rxa8 Qxa8 19. Qe2 Qa6 20. Nf1 Nd7 21. b3
Ncb6 22. Bb2 Na8 23. Ne3 Nc7 24. Nd5 Bxd5 25. exd5 Qb7 26. c4 Nc5 27. Bc1 bxc4
28. bxc4 Bf6 29. Ba3 N7a6 30. Nd4 g6 31. Nb5 Qd7 32. Bc2 Ra8 33. Rb1 Bd8 34.
Qd2 Bb6 35. Kh1 Qd8 36. f4 Nc7 37. fxe5 Nxb5 38. Bxc5 Bxc5 39. Rxb5 Ra1+ 40.
Bb1 Qh4 41. Qc1 Qg3 42. e6 fxe6 43. dxe6 Qe5 44. Qf1 Kg7 45. Rb7+ Kh6 46. Qf8+
Kg5 47. h4+ Kxh4 48. Rxh7+ Kg5 49. Qe7+ Kf4 50. Qh4+ Ke3 51. Qe1+ Kf4 52. Qh4+
Ke3 53. Qe1+ Kf4 54. Qh4+ Ke3 55. Qh3+ Kd2 56. Qd3+ Ke1 57. Rh4 d5 58. cxd5 Be3
59. Rh3 Bc5 60. e7 Ra3 61. Qe4+ Qxe4 62. Bxe4 Rxh3+ 63. gxh3 Bxe7 64. Kg2 Ke2
65. Kg3 Ke3 66. Bxg6 Kd4 67. Bf7 Ke5 68. Kg4 Kf6 69. Be6 Kg7 1/2-1/2

[Event "6I Torneo Ciudad de Pontevedra 2018"]
[Site "Pontevedra ESP"]
[Date "2018.08.13"]
[Round "8.8"]
[White "Estremera Panos, Sergio"]
[Black "Cabezas Ayala, Ivan"]
[Result "1/2-1/2"]
[WhiteElo "2337"]
[BlackElo "2308"]
[PlyCount "44"]
[EventDate "2018.08.08"]
[EventType "swiss"]
[EventRounds "9"]
[EventCountry "ESP"]
[SourceTitle "Ajedrez en Madrid"]
[Source "lmi"]
[SourceDate "2018.08.08"]

1. d4 Nf6 2. c4 g6 3. Nc3 Bg7 4. e4 d6 5. Nf3 O-O 6. Be2 Na6 7. Nd2 Nd7 8. Nf1
c5 9. d5 Nc7 10. Ne3 Re8 11. O-O e6 12. Qc2 exd5 13. cxd5 Rb8 14. a4 Na6 15.
Kh1 Nb4 16. Qd1 Nf6 17. f3 a6 18. a5 Nd7 19. Nc4 Ne5 20. Nb6 Nd7 21. Nc4 Ne5
22. Nb6 Nd7 1/2-1/2

[Event "6I Torneo Ciudad de Pontevedra 2018"]
[Site "Pontevedra ESP"]
[Date "2018.08.13"]
[Round "8.9"]
[White "Rebole Arbea, Jose Ignacio"]
[Black "Starostits, Ilmars"]
[Result "0-1"]
[WhiteElo "2143"]
[BlackElo "2454"]
[PlyCount "88"]
[EventDate "2018.08.08"]
[EventType "swiss"]
[EventRounds "9"]
[EventCountry "ESP"]
[SourceTitle "Ajedrez en Madrid"]
[Source "lmi"]
[SourceDate "2018.08.08"]

1. g3 e5 2. Bg2 Nc6 3. c4 Bc5 4. Nc3 a6 5. e3 d6 6. Nge2 Ba7 7. O-O h5 8. Nd5
h4 9. Nec3 Nh6 10. b4 hxg3 11. fxg3 Bg4 12. Bf3 Bh3 13. Bg2 Bxg2 14. Kxg2 Qd7
15. b5 axb5 16. cxb5 Ne7 17. Qa4 Nxd5 18. Nxd5 f5 19. Qc4 c6 20. Nb4 cxb5 21.
Qb3 Ng4 22. h3 Nf6 23. a4 f4 24. Rh1 Bc5 25. a5 Bxb4 26. Qxb4 Qc6+ 27. Kg1 fxg3
28. Ba3 Rd8 29. Rb1 O-O 30. Qxb5 Qxb5 31. Rxb5 Ne4 32. d3 Nf2 33. Rxb7 Nxh1 34.
Kxh1 Rf2 35. a6 Ra2 36. Bb2 Rxa6 37. Kg2 Raa8 38. Kxg3 Rab8 39. Rxb8 Rxb8 40.
Ba3 Rb6 41. Kg4 Kf7 42. Kg5 Ke6 43. h4 Rb3 44. Bc1 Rc3 0-1

[Event "6I Torneo Ciudad de Pontevedra 2018"]
[Site "Pontevedra ESP"]
[Date "2018.08.13"]
[Round "8.10"]
[White "Krutti, Valer"]
[Black "Nayhebaver, Martin"]
[Result "0-1"]
[WhiteElo "2312"]
[BlackElo "2453"]
[PlyCount "96"]
[EventDate "2018.08.08"]
[EventType "swiss"]
[EventRounds "9"]
[EventCountry "ESP"]
[SourceTitle "Ajedrez en Madrid"]
[Source "lmi"]
[SourceDate "2018.08.08"]

1. Nf3 Nf6 2. c4 b6 3. Nc3 Bb7 4. d4 e6 5. a3 d5 6. Bg5 Nbd7 7. cxd5 exd5 8. e3
Be7 9. Bd3 O-O 10. O-O Ne4 11. Bxe7 Qxe7 12. Qa4 a6 13. Rfd1 c5 14. Rac1 Rfe8
15. Qc2 Rac8 16. dxc5 Ndxc5 17. Nd4 Qf6 18. Bf1 Ne6 19. Nxe4 dxe4 20. Qb1 Nc5
21. b4 Na4 22. Rxc8 Rxc8 23. Rc1 Qd8 24. Qa1 g6 25. b5 axb5 26. Bxb5 Nc5 27.
Rd1 Qg5 28. g3 Ra8 29. Qc3 Qe5 30. h4 h6 31. Be2 Qf6 32. Rd2 Ba6 33. Bg4 h5 34.
Bh3 Bd3 35. Rd1 Ra4 36. Rd2 Rc4 37. Qb2 Na4 38. Qb3 Rc1+ 39. Kh2 Nc5 40. Qd5
Ra1 41. Qa8+ Kg7 42. Bg2 Qd6 43. Rb2 Qc7 44. Bh3 Na4 45. Qxa4 Qc1 46. Bg2 Qg1+
47. Kh3 Bf1 48. Ne6+ Kh6 0-1

[Event "6I Torneo Ciudad de Pontevedra 2018"]
[Site "Pontevedra ESP"]
[Date "2018.08.13"]
[Round "8.11"]
[White "Khamrakulov, Ibragim S"]
[Black "Senlle Caride, Miguel"]
[Result "1-0"]
[WhiteElo "2430"]
[BlackElo "2311"]
[PlyCount "67"]
[EventDate "2018.08.08"]
[EventType "swiss"]
[EventRounds "9"]
[EventCountry "ESP"]
[SourceTitle "Ajedrez en Madrid"]
[Source "lmi"]
[SourceDate "2018.08.08"]

1. e4 e5 2. Nf3 Nc6 3. Bc4 Nf6 4. d3 Be7 5. O-O O-O 6. a4 d6 7. Nc3 Bg4 8. h3
Bh5 9. g4 Bg6 10. Nh4 Nd4 11. Ne2 d5 12. Nxg6 hxg6 13. exd5 Nxd5 14. f4 Bc5 15.
Kg2 Nxe2 16. Qxe2 exf4 17. Bxf4 Re8 18. Qd1 g5 19. Bd2 Be3 20. Rxf7 Kxf7 21.
Qf3+ Kg6 22. Bxd5 Bf4 23. Be4+ Kf7 24. Bxf4 gxf4 25. Qxf4+ Qf6 26. Qxc7+ Re7
27. Qc4+ Ke8 28. Rf1 Qe6 29. Qb5+ Kd8 30. Qa5+ Qb6 31. Rf8+ Re8 32. Qg5+ Kc7
33. Rf7+ Kc8 34. Bf5+ 1-0

[Event "6I Torneo Ciudad de Pontevedra 2018"]
[Site "Pontevedra ESP"]
[Date "2018.08.13"]
[Round "8.12"]
[White "Horton, Andrew P"]
[Black "Calzetta Ruiz, Monica"]
[Result "1/2-1/2"]
[WhiteElo "2408"]
[BlackElo "2302"]
[PlyCount "67"]
[EventDate "2018.08.08"]
[EventType "swiss"]
[EventRounds "9"]
[EventCountry "ESP"]
[SourceTitle "Ajedrez en Madrid"]
[Source "lmi"]
[SourceDate "2018.08.08"]

1. Nf3 c5 2. c4 Nc6 3. g3 g6 4. Bg2 Bg7 5. Nc3 d6 6. O-O e6 7. b3 Nge7 8. Bb2
O-O 9. Qc1 Rb8 10. e3 e5 11. Ne2 Re8 12. d4 exd4 13. exd4 Nf5 14. Qd2 Bh6 15.
Qd1 b5 16. cxb5 Rxb5 17. Nc3 Rb8 18. dxc5 dxc5 19. Qxd8 Rxd8 20. Ne4 Nfd4 21.
Nxc5 Bg4 22. Nxd4 Nxd4 23. Bxd4 Rxd4 24. h3 Bf5 25. Rad1 Rbd8 26. Rxd4 Rxd4 27.
g4 Bc2 28. a3 a5 29. Nb7 Bd2 30. Nc5 Bf4 31. Re1 Bd6 32. b4 axb4 33. axb4 Rxb4
34. Be4 1/2-1/2

[Event "6I Torneo Ciudad de Pontevedra 2018"]
[Site "Pontevedra ESP"]
[Date "2018.08.13"]
[Round "8.14"]
[White "Fernandes, Ricardo Paulos"]
[Black "Dionisi, Thomas"]
[Result "0-1"]
[WhiteElo "2024"]
[BlackElo "2403"]
[PlyCount "68"]
[EventDate "2018.08.08"]
[EventType "swiss"]
[EventRounds "9"]
[EventCountry "ESP"]
[SourceTitle "Ajedrez en Madrid"]
[Source "lmi"]
[SourceDate "2018.08.08"]

1. b3 e5 2. Bb2 Nc6 3. e3 Nf6 4. c4 g6 5. Nf3 d6 6. d4 exd4 7. Nxd4 Bg7 8. Bd3
O-O 9. O-O Re8 10. Nxc6 bxc6 11. Nd2 c5 12. Qc2 Bb7 13. Be2 a5 14. Bf3 Bxf3 15.
Nxf3 a4 16. Bc3 Nd7 17. Bxg7 Kxg7 18. Rfb1 Qf6 19. Rd1 axb3 20. Qxb3 Reb8 21.
Qd3 Rb4 22. a3 Rba4 23. Ra2 Nb6 24. Rc1 Qe6 25. Nd2 Nd7 26. Nf3 Rb8 27. h3 Ra6
28. Qc3+ Kg8 29. Qd3 Rab6 30. Rac2 Qf6 31. Rc3 Rb2 32. R3c2 R8b3 33. Rc3 Ne5
34. Qd1 Rxc3 0-1

[Event "6I Torneo Ciudad de Pontevedra 2018"]
[Site "Pontevedra ESP"]
[Date "2018.08.13"]
[Round "8.15"]
[White "Guerra Bastida, Diego"]
[Black "Fernandez Garcia, Gumersindo"]
[Result "1-0"]
[WhiteElo "2317"]
[BlackElo "1980"]
[PlyCount "71"]
[EventDate "2018.08.08"]
[EventType "swiss"]
[EventRounds "9"]
[EventCountry "ESP"]
[SourceTitle "Ajedrez en Madrid"]
[Source "lmi"]
[SourceDate "2018.08.08"]

1. c4 Nf6 2. Nc3 g6 3. g3 Bg7 4. Bg2 d6 5. e4 O-O 6. Nge2 e5 7. d3 Nh5 8. h3 f5
9. exf5 gxf5 10. g4 fxg4 11. hxg4 Nf4 12. Bxf4 exf4 13. Bd5+ Kh8 14. Be4 h6 15.
Qd2 Qg5 16. Nd5 Na6 17. Ndxf4 Kg8 18. Rh5 Qf6 19. g5 hxg5 20. Bd5+ Rf7 21.
Bxf7+ Kxf7 22. Nd5 Qxb2 23. Qxb2 Bxb2 24. Rb1 Kg6 25. Rh1 Bg7 26. Ne7+ Kf7 27.
Nxc8 Rxc8 28. d4 b6 29. Kd2 Nb8 30. Rbg1 Bf6 31. f4 gxf4 32. Rh7+ Ke6 33. Nxf4+
Kf5 34. Rf7 Nd7 35. Rxd7 Kxf4 36. Rf7 1-0

[Event "6I Torneo Ciudad de Pontevedra 2018"]
[Site "Pontevedra ESP"]
[Date "2018.08.13"]
[Round "8.16"]
[White "Prado Lobo, Jonas"]
[Black "Praveen, Kumar C"]
[Result "1/2-1/2"]
[WhiteElo "2143"]
[BlackElo "2238"]
[PlyCount "113"]
[EventDate "2018.08.08"]
[EventType "swiss"]
[EventRounds "9"]
[EventCountry "ESP"]
[SourceTitle "Ajedrez en Madrid"]
[Source "lmi"]
[SourceDate "2018.08.08"]

1. d4 Nf6 2. c4 c5 3. d5 e6 4. Nc3 exd5 5. cxd5 d6 6. e4 g6 7. f4 Bg7 8. Bb5+
Nfd7 9. Bd3 a6 10. a4 Qh4+ 11. g3 Qd8 12. Nf3 O-O 13. O-O Nf6 14. Qc2 Bg4 15.
Bd2 Bxf3 16. Rxf3 Nbd7 17. Bc4 Re8 18. Re1 Qc7 19. Nd1 Re7 20. Nf2 Rae8 21.
Rfe3 Nh5 22. Bc3 Bd4 23. R3e2 Nhf6 24. Qd3 Rc8 25. b3 Bxc3 26. Qxc3 Rce8 27. a5
h5 28. Kg2 Ng4 29. Nd3 b5 30. axb6 Nxb6 31. h3 Nh6 32. Kf3 Qc8 33. Nf2 Nd7 34.
g4 f6 35. gxh5 g5 36. Rg1 Rg7 37. Nd3 Kh7 38. Reg2 Reg8 39. h4 Qe8 40. hxg5
fxg5 41. Rxg5 Rxg5 42. Rxg5 Rxg5 43. fxg5 Qxh5+ 44. Kf2 Ng4+ 45. Ke1 Nde5 46.
Nxe5 Nxe5 47. Qg3 a5 48. Qf4 Qg4 49. Qxg4 Nxg4 50. Be2 Ne5 51. Bh5 c4 52. bxc4
Nxc4 53. Kd1 a4 54. Kc2 a3 55. Kb3 Nd2+ 56. Kxa3 Nxe4 57. Kb4 1/2-1/2

[Event "6I Torneo Ciudad de Pontevedra 2018"]
[Site "Pontevedra ESP"]
[Date "2018.08.13"]
[Round "8.17"]
[White "Perez Carballo, David"]
[Black "Torrado Quintela, Julio"]
[Result "1/2-1/2"]
[WhiteElo "2090"]
[BlackElo "2195"]
[PlyCount "61"]
[EventDate "2018.08.08"]
[EventType "swiss"]
[EventRounds "9"]
[EventCountry "ESP"]
[SourceTitle "Ajedrez en Madrid"]
[Source "lmi"]
[SourceDate "2018.08.08"]

1. b3 d5 2. Bb2 Bg4 3. Nf3 Nd7 4. d4 Ngf6 5. Nbd2 e6 6. g3 Ne4 7. Nxe4 dxe4 8.
Nd2 Nf6 9. Nc4 Nd5 10. Qd2 Bb4 11. c3 Be7 12. Bg2 Bg5 13. e3 f5 14. Ne5 Bh5 15.
c4 Ne7 16. g4 Bg6 17. h4 Bf6 18. h5 Bxe5 19. hxg6 Bf6 20. Rxh7 Nxg6 21. Rxh8+
Nxh8 22. Qb4 b6 23. O-O-O Qd6 24. Qa4+ Qd7 25. Qxd7+ Kxd7 26. f3 exf3 27. Bxf3
Rd8 28. gxf5 exf5 29. e4 fxe4 30. Bxe4 Re8 31. Bd3 1/2-1/2